000
00315nam a2200133Ia 4500
008
190216s9999||||xx |||||||||||||| ||und||
100
_a
Bansilal
245
0
_a
Three Dimensional Differential Geometry
250
_a
FOURTH
260
_b
Atmaram &sons
_c
1976
300
_a
288
650
_a
Mathematics
942
_c
BK
999
_c
30625
_d
30625